00643nam a2200193Ia 450000500170000000800410001702000180005804000180007604100080009408200210010210000240012324501080014725000120025526000480026730000320031565000390034765000360038670000270042220230926112354.0210716s2010 xx 000 0 und d a9788126525652 cAIMIT LIBRARY aeng a005.44 21bNEGC aNegus, Christopher. aFedora bible 2010 edition :bfeaturing fedora linux 12 /cBy Christopher Negus and Eric Foster-Johnson. a1st ed. aNew Delhi :bWiley India Pvt Ltd. ,c2010 . axxxv, 988p. ;bPBc23.5 cm. aAccessing and running applications aFedora network and server setup aFoster- Johnson, Eric.